000 00601nam a2200205 i 4500
001 85211
003 ES-MaACL
005 20230906175212.0
007 t|
008 041126s1981 sp ||||1| spa d
100 1 _aJiménez-Arnau, Joaquín.
_966452
245 1 0 _aYo, Jimmy
_b: mi vida entre los Franco /
_cJoaquín Jiménez-Arnau.
250 _a[4ª ed.].
260 _aBarcelona :
_bPlaneta,
_c[1981]
300 _a249 p. :
_bil. ;
_c25 cm.
490 1 _aEspejo de España ;
_v70
830 0 _aEspejo de España ;
_v70
_9177692
852 _aES-MaACL
_jL-2564
_bR.103592
999 _c85211
_d85211